00377nam a22001217a 4500003000500000005001700005038001800022082001200040100001500052245012200067260003100189710003500220NUST20200116153204.0 aNusrat Nadeem a004 SAD aIjaz Sadaf aMS Thesis: Molecular Modeling Strategies to Probe Modulation of NADPH Oxidase 2 (NOX2) in Ischemic StrokecSadaf Ijaz aIslamabadbRCMS NUSTc2019 4Dr. Ishrat Jabeen [Supervisor]